- Mészáros András: A marginalitás szelíd bája. Kalligram K. 1994.; Lendvai L. Ferenc: Egy magyar filozófus: Karácsony Sándor. Akadémiai K. 1993.

Elmentve itt :
Bibliográfiai részletek
Szerző: Babus Antal
Adatforrás:Philobibl
Forrásdokumentuma:Kortárs 39
1995/3., 110-112. p.
Dokumentumtípus: Cikk
Nyelv:magyar
LEADER 00397nab a2200097 c 4500
001 bibDOK00005271
005 20200924120127.5
008 060518s1995 xo hun
100 1 |a Babus Antal 
245 1 0 |a - Mészáros András: A marginalitás szelíd bája. Kalligram K. 1994.; Lendvai L. Ferenc: Egy magyar filozófus: Karácsony Sándor. Akadémiai K. 1993.  |c Babus Antal 
773 0 |t Kortárs 39  |g 1995/3., 110-112. p.